Представление документа в формате RUSMARC

ПолеНазваниеЗначение
  Тип записи a
  Библиографический уровень m
001 Контрольный номер RU/УГОНБ/EK/36252
005 Дата корректировки 20250520122140.1
010 Индекс ISBN __
a ISBN 5-225-00951-4
d Цена 5625 р.
9 Тираж 3000 экз.
b Уточнения в пер.
100 Данные общей обработки __
a Данные общей обработки 19970708d1994 u u0rusy0189 ca
101 Язык документа 0_
a Язык текста rus
105 Кодированные данные (монография) __
a Кодированные данные (монография) a z 001yy
200 Заглавие и сведения об ответственности 1_
a Заглавие Нематоды и антигельминтные средства
f Первые сведения об ответственности Ю.К. Богоявленский, И.В. Рачковская, Н.В. Чебышев
210 Выходные данные 1_
a Место издания Москва
c Издательство Медицина
d Дата издания 1994
215 Физическое описание __
a Объем 251, [2] с.
c Иллюстрации/тип воспроизводства ил.
d Формат 21 см
320 Библиография __
a Библиография Библиогр.: с. 227-252
606 Тематические рубрики 0_
a Основная рубрика Гельминтозы
x Основная подрубрика Лечение лекарственное
606 Тематические рубрики 0_
a Основная рубрика Противоглистные средства
686 Индексы других классификаций __
a Классификационный индекс 52.674
2 Код системы rubbk
686 Индексы других классификаций __
a Классификационный индекс 52.818.1
2 Код системы rubbk
700 Автор _1
a Фамилия Богоявленский
b Имя (инициалы) Ю.К.
g Полное личное имя Юрий Константинович
701 Альтернативная интеллектуальная ответственность _1
a Фамилия Рачковская
b Имя (инициалы) И.В.
701 Альтернативная интеллектуальная ответственность _1
a Фамилия Чебышев
b Имя (инициалы) Н.В.
801 Источник записи _0
a Страна RU
b Организация Ульяновская ОНБ
c Дата составления 19970708
g Правила каталогизации PSBO
801 Источник записи _1
a Страна RU
b Организация Ульяновская ОНБ
c Дата составления 19970708
901 Тип документа __
t Тип документа m
938 Служебная информация __
a Имя БД books
b Имя библиотеки УОНБ
c Имя АИБС МАРК-SQL
d Номер DOC_ID в БД 168216